The network society: a new context for planning?
Αποθηκεύτηκε σε:
| Κύριοι συγγραφείς: | , |
|---|---|
| Μορφή: | Βιβλίο |
| Γλώσσα: | Αγγλικά |
| Έκδοση: |
Londres
Routledge
2005
|
| Σειρά: | The Networked Cities Series
|
| Θέματα: | |
| Ετικέτες: |
Προσθήκη ετικέτας
Δεν υπάρχουν, Καταχωρήστε ετικέτα πρώτοι!
|
MARC
| LEADER | 00000cam a2200000 a 4500 | ||
|---|---|---|---|
| 001 | UCC9612 | ||
| 003 | CL-VaPUC | ||
| 005 | 20240820110610.0 | ||
| 008 | 191010e20050000uk |||||||||||||||||eng|d | ||
| 020 | |a 9780415701518 | ||
| 040 | |c Pontificia Universidad Católica de Valparaíso | ||
| 082 | 0 | 4 | |a 302.3 |b ALB |2 21 |
| 100 | 0 | |a Albrechts, Louis |e author |9 222281 | |
| 245 | 1 | 4 | |a The network society: a new context for planning? |
| 260 | |a Londres |b Routledge |c 2005 | ||
| 300 | |a 347 p | ||
| 490 | 0 | |a The Networked Cities Series | |
| 583 | |a last modification |c 20191010 15:29:00 |k Rodrigo Vera | ||
| 650 | 0 | |a Globalización |9 361930 | |
| 650 | 0 | |a Aspectos sociales |9 254894 | |
| 650 | 0 | |a Cambio social |9 256857 | |
| 650 | 0 | |a Sociología urbana |9 268099 | |
| 650 | 0 | |a Planificación urbana |9 258176 | |
| 650 | 0 | |a Redes sociales |9 327959 | |
| 700 | 0 | |a Mandelbaum. Seymour J |e author |9 604735 | |
| 942 | |c BK | ||
| 945 | |d 20191010 15:29:00 |a cmena | ||
| 999 | |c 375760 |d 375758 | ||
| 952 | |0 0 |1 0 |3 erb |4 0 |6 302_300000000000000_ALB_2005 |7 0 |8 A |9 494809 |a BIBING |b BIBING |i 556381K |o 302.3 ALB 2005 |p 556381K |r 2025-01-20 |w 2019-11-24 |y BK |z Catalogado en:20191010 |k EII | ||